Joueurs de l'Équipe de France sélectionnés en 2026 - Statistiques

Statistiques générales
  • Ce quiz a été pris 79 fois
    14 depuis la dernière actualisation
  • Le résultat moyen est 21 sur 31
Statistiques - réponses
Poste Club Joueur % Correct
ATT Real Madrid Kylian Mbappé
100%
ATT Paris Saint-Germain Ousmane Dembélé
100%
ATT Paris Saint-Germain Désiré Doué
92%
ATT Bayern Munich Michael Olise
92%
MIL Real Madrid Aurélien Tchouaméni
85%
ATT Inter Milan Marcus Thuram
85%
G AC Milan Mike Maignan
85%
MIL AC Milan Adrien Rabiot
77%
G Stade Rennais Brice Samba
77%
DEF Bayern Munich Dayot Upamecano
77%
DEF Liverpool Ibrahima Konaté
77%
DEF Paris Saint-Germain Lucas Hernandez
77%
MIL Fenerbahçe N'Golo Kanté
77%
DEF Al-Hilal Théo Hernandez
77%
G Paris Saint-Germain Lucas Chevalier
69%
DEF Aston Villa Lucas Digne
69%
ATT Manchester City Rayan Cherki
69%
SEL - Didier Deschamps
62%
ATT Paris Saint-Germain Bradley Barcola
62%
ATT AS Monaco Maghnes Akliouche
62%
DEF Crystal Palace Maxence Lacroix
62%
MIL Real Madrid Eduardo Camavinga
54%
DEF Chelsea Malo Gusto
54%
MIL Paris Saint-Germain Warren Zaïre-Emery
54%
ATT Liverpool Hugo Ekitike
46%
DEF FC Barcelone Jules Koundé
46%
ATT Tottenham Randal Kolo Muani
46%
MIL AS Rome Manu Koné
38%
G RC Lens Robin Risser
38%
DEF Juventus Pierre Kalulu
31%
ATT Crystal Palace Jean-Phillipe Mateta
15%
Aucun quiz correspondant
Distribution des résultats
% des personnes avec chaque résultat
Percentile par nombre de réponses
Votre historique - résultats
Vous n’avez pas pris ce quiz depuis la dernière actualisation